| 000 | 00780nam a2200277Ia 4500 | ||
|---|---|---|---|
| 005 | 20251020182452.0 | ||
| 008 | 200515s9999 xx 000 0 und d | ||
| 020 | _a978-607-7686-41-5 | ||
| 082 | _a621.314/A45 | ||
| 100 | _aÁlvarez Pulido, Manuel | ||
| 245 | 0 | _aTransformadores : Cálculo fácil de transformadores y autotransformadores, monofásicos y trifásicos de baja tensión | |
| 250 | _a1a ed. | ||
| 260 | _aMéxico, D.F. | ||
| 260 | _bAlfaomega | ||
| 260 | _c2009 | ||
| 300 | _a211 p. | ||
| 300 | _bil., tbl., graf. | ||
| 500 | _a1 ejemplar | ||
| 650 | _aAUTOTRANSFORMADORES | ||
| 650 | _aELECTRICIDAD | ||
| 650 | _aTRANSFORMADORES | ||
| 650 | _aTRANSFORMADORES MONOFASICOS | ||
| 650 | _aTRANSFORMADORES TRIFASICOS | ||
| 942 | _cLIB | ||
| 999 |
_c890 _d890 |
||